Sports Quiz

Random Sports or MLB Quiz

MLB Most Games with HR and SB Quiz Stats

 Plays Quiz Updated Oct 2, 2018

Challenge
Share
Tweet
Embed
Score 0/68 Timer 12:00
1 Play Today
Games Player % Correct
102Barry Bonds
90.2%
61Bobby Bonds
90.2%
87Rickey Henderson
82.9%
32Mike Trout
68.3%
32Babe Ruth
68.3%
65Alex Rodriguez
65.9%
58Willie Mays
65.9%
38Hank Aaron
61%
31Sammy Sosa
61%
28Derek Jeter
58.5%
42Tim Raines
53.7%
32Lou Brock
53.7%
39Jose Canseco
51.2%
37Eric Davis
51.2%
36Frank Robinson
51.2%
31Reggie Jackson
51.2%
30Mickey Mantle
51.2%
29Willie Davis
51.2%
29Howard Johnson
48.8%
27Craig Biggio
48.8%
60Joe Morgan
46.3%
42Larry Walker
46.3%
38Andre Dawson
46.3%
42Jeff Bagwell
43.9%
36Paul Molitor
43.9%
26Hanley Ramirez
43.9%
29Roberto Alomar
41.5%
40Darryl Strawberry
39%
30Jimmy Rollins
39%
44Carlos Beltran
36.6%
28Devon White
36.6%
25Roy White
36.6%
34Ryne Sandberg
34.1%
33Vladimir Guerrero
34.1%
Games Player % Correct
31Dave Winfield
34.1%
42Alfonso Soriano
31.7%
39Kirk Gibson
31.7%
37Ron Gant
31.7%
33Ryan Braun
31.7%
31Mike Schmidt
31.7%
30Ellis Burks
29.3%
27Johnny Damon
29.3%
25Kenny Lofton
29.3%
25Al Kaline
29.3%
25Marquis Grissom
29.3%
43Bobby Abreu
26.8%
38Gary Sheffield
24.4%
35Jose Reyes
24.4%
32Carl Yastrzemski
24.4%
32Joe Carter
24.4%
30Curtis Granderson
24.4%
27Shawn Green
24.4%
32Reggie Sanders
22%
29Steve Finley
22%
28Carlos Lee
22%
26Justin Upton
19.5%
48Cesar Cedeno
17.1%
25Ian Kinsler
17.1%
26Vada Pinson
14.6%
33Davey Lopes
12.2%
29Alex Rios
12.2%
27Andy Van Slyke
12.2%
25Lloyd Moseby
12.2%
25Juan Samuel
7.3%
36Mike Cameron
4.9%
33Ken Griffey Jr.
2.4%
25Larry Hisle
2.4%
25Melvin Upton Jr.
0%

You're not logged in!

Compare scores with friends on all Sporcle quizzes.
Join for Free
OR
Log In

You Might Also Like...

Show Comments

Extras

Top Quizzes Today


Score Distribution

Your Account Isn't Verified!

In order to create a playlist on Sporcle, you need to verify the email address you used during registration. Go to your Sporcle Settings to finish the process.

Report this User

Report this user for behavior that violates our Community Guidelines.

Details: